| 000 | 00560nam a22001817a 4500 | ||
|---|---|---|---|
| 003 | OSt | ||
| 005 | 20231214143320.0 | ||
| 008 | 160815b xxu||||| |||| 00| 0 eng d | ||
| 020 | _a0 | ||
| 040 | _c0 | ||
| 082 |
_a297.4804 _bRIA |
||
| 100 |
_aMuhammad Riaz Qadiri _9119747 |
||
| 245 |
_aMystical Discourses of Ghaus-e-Azam _bHazrat Shaikh syed Abdul Qadir Jilani (R.A) _cMuhammad Riaz Qadiri |
||
| 260 |
_aGujranwala Pakistan _bAbbasi Publications _c2002 |
||
| 300 |
_a118 p. _bPB |
||
| 440 |
_aMystical Discourses of Ghaus-e-Azam _9119748 |
||
| 942 |
_2ddc _cBK |
||
| 999 |
_c351635 _d351635 |
||